Human Rights in the Context of Cultural Evolution

Hlavným cieľom príspevku je predstaviť naturalistickú teóriu ľudských práv, ktorá zdôrazňuje, že ľudské práva možno považovať za základné morálne požiadavky, no napriek tomu sú závislé od spoločnosti, čo znamená, že sú vnútorne spojené s jednotlivými spoločnosťami a ich vývojom. Prvá časť sa zaoberá...

Full description

Saved in:
Bibliographic Details
Main Author: Tvrdíková, Linda
Format: Book Chapter
Language:English
Subjects:
Tags: Add Tag
No Tags, Be the first to tag this record!

MARC

LEADER 00000naa a2200000 4500
001 0299538
005 20240417075306.6
041 0 |a eng 
044 |a SK 
245 1 0 |a Human Rights in the Context of Cultural Evolution  |c Linda Tvrdíková 
520 |a Hlavným cieľom príspevku je predstaviť naturalistickú teóriu ľudských práv, ktorá zdôrazňuje, že ľudské práva možno považovať za základné morálne požiadavky, no napriek tomu sú závislé od spoločnosti, čo znamená, že sú vnútorne spojené s jednotlivými spoločnosťami a ich vývojom. Prvá časť sa zaoberá východiskovým bodom tohto prístupu a ponúka definíciu tejto formy naturalizácie. Nasledujúca časť sa venuje relevantnosti konceptu kultúrnej evolúcie pre akademikov, ktorí pôsobia v oblasti sociálnych vied, práva a judikatúry vzhľadom na skutočnosť, že táto teória skúma pravidlá a ich úlohu a funkciu v spoločnosti. Autorka sa následne zameria na vývoj morálky, pretože ľudské práva možno považovať za základné morálne požiadavky, ktoré sú nevyhnutné pre globálnu spoluprácu. 
610 2 0 |a práva ľudské 
610 2 0 |a evolúcia 
610 2 0 |a kultúra 
610 2 0 |a morálka 
610 2 0 |a humanizmus 
610 2 0 |a kooperácia 
100 1 |a Tvrdíková, Linda